000 00629nam a2200241Ia 4500
003 OSt
005 20220918211605.0
006 a|||||r|||| 00| 0
007 ta
008 220917b |||||||| |||| 00| 0 eng d
024 _a124,919
037 _cTextual
040 _aARTS
_cARTS
_beng
041 _2eng
_aeng
082 _aW,61:3, M0
100 _aAshford D E
_999356
245 0 _aFinancing urban government in the welfare state
260 _aLondon
_bCroom
_c1980
300 _a224p.
_ccm.
650 _aPOLITICAL SCIENCE
942 _hW,61:3, M0
_cTEXL
_2CC
999 _c248104
_d248104